=LDR 00000nam 2200000 4500 =001 INLIS000000000002562 =005 20130612090905 =008 ***********************************Ind** =035 ##$$0010-061300000002562 =041 ##$$a Ind =082 ##$$a 616.342 7 =090 ##$$a 616.342, Pen =245 ##$$a Penatalaksanaan diare dan penggunaan terapi rehidrasi oral, Alih bahasa, Petrus Adrianto =260 ##$$a 1989 $b Jakarta =300 ##$$a 29 hlm, 21 cm =650 ##$$a Rehidrasi Oraal =700 ##$$a Adrianto,Petrus =850 ##$$a NBPNMAT